| 000 -LEADER |
| fixed length control field |
00325nam a22001337a 4500 |
| 003 - CONTROL NUMBER IDENTIFIER |
| control field |
OSt |
| 005 - DATE AND TIME OF LATEST TRANSACTION |
| control field |
20200526151004.0 |
| 008 - FIXED-LENGTH DATA ELEMENTS--GENERAL INFORMATION |
| fixed length control field |
200526b ||||| |||| 00| 0 eng d |
| 020 ## - INTERNATIONAL STANDARD BOOK NUMBER |
| International Standard Book Number |
9789881545244 |
| 082 ## - DEWEY DECIMAL CLASSIFICATION NUMBER |
| Classification number |
712HER |
| 245 ## - TITLE STATEMENT |
| Title |
Campus landscape/ |
| Remainder of title |
planning & design |
| 260 ## - PUBLICATION, DISTRIBUTION, ETC. (IMPRINT) |
| Name of publisher, distributor, etc |
DesignMedia Publishing Limited |
| 942 ## - ADDED ENTRY ELEMENTS (KOHA) |
| Source of classification or shelving scheme |
|